000
00313nam a2200097Ia 4500
005
20250424112820.0
008
250424s9999 xx 000 0 und d
300
_a
104 p. : ill. ; 27 cm.
650
_a
American Airlines, inc.--History Airlines--United States--History Airlines--United States--Biography
942
_c
SR
999
_c
37291
_d
37291